| 000 | 00557nam a2200181Ia 4500 | ||
|---|---|---|---|
| 008 | 090711s9999 xx 000 0 und d | ||
| 082 | _b10203 | ||
| 100 | _aSाटर्जी शरदSांद्र | ||
| 245 | _aसुप्रभात | ||
| 260 | _c1964 | ||
| 300 | _a112 | ||
| 600 | _aSाटर्जी शरदSांद्र | ||
| 630 | _aसुप्रभात | ||
| 700 | _aवकिल व्यंकटेश | ||
| 700 | _aSाटर्जी शरदSांद्र | ||
| 730 | _aसुप्रभात | ||
| 942 | _cBOOK | ||
| 999 |
_c296061 _d296061 |
||